000 00548nam a2200193Ia 4500
005 20250508163240.0
008 008 250505s9999 xx 000 0 hin d
037 _aDissertations
040 _aFEDL
_beng
_cFEDL
041 _ahin
_2eng
084 _a370.1, PAN/DI
_qFEDL
100 _aPandey Bhagwati
245 0 _aUpnishad awam bhagwadgeeta ke sheshik-yogdan ka addhyan
260 _c1985
300 _a77p.
546 _aM. Ed. Dissertation (Kumau University)
942 _cDIS
_h370.1, PAN/DI
999 _c1381768
_d1381768